Responses for show #6586 - Monday, April 15, 2013

Contestants

Tim Kleiman, an investment analyst from New York, New York

Lisa Byatt, a technical writer from Amherst, New Hampshire

Matt Eichenbaum, an orthopedic surgeon from Kennett Square, Pennsylvania (whose 1-day cash winnings total $25,497)

Jeopardy! Round responses

DOCTOR! DOCTOR!
YOU NEED A LAB TEST
BLOOD WORK
CAT SCAN
(You scan the clue and identify the cat breed.)
IT'S THE "FLU"
LOOKS LIKE YOU'RE GONNA MAKE IT
    $200 1
The Fugitive

Matt
    $200 6
anemia

Matt
    $200 12
The Da Vinci Code

Lisa
    $200 13
Persian

Lisa
    $200 8
fluent

Matt
    $200 26
a candle

Lisa
    $400 2
Dr. Quinn, Medicine Woman

Tim
    $400 7
allergies

Tim
    $1,000 22
The Lord of the Flies

Matt
    $400 14
Manx

Lisa
    $400 18
a flurry

Lisa
    $400 27
a kiln

Tim
    $600 3
Dr. Dre

Tim
    $600 9
glucose

Matt
    $600 23
Carrie

Matt
    $600 15
(Tim: What is Turkish Coupe?)

Turkish Van

Tim
Triple Stumper
    $600 19
a flume

Matt
    $600 28
pastel

Triple Stumper
    $800 4
Dr. Doom

Triple Stumper
    $800 10
Down syndrome

Tim
    $800 24
Hannibal Lecter

Matt
    $800 16
Abyssinian

Lisa
    $800 21
the fluke

Matt
    $800 29
(Alex: You're going to hate yourselves for missing this one - [*].)

collage

Triple Stumper
    $1000 5
(Tim: Who is Kapoor?)

Mindy Kaling

LisaTim
    $1000 11
celiac

Lisa
    $1000 25
Tom Wolfe

Triple Stumper
    $1000 17
Ragamuffin

Triple Stumper
    $1000 20
the flugelhorn

Tim
    $1000 30
topiary

Matt

Scores at the first commercial break (after clue 15):

Matt Lisa Tim
$1,200 $2,800 $600

Scores at the end of the Jeopardy! Round:

Matt Lisa Tim
$6,000 $4,200 $2,000

Double Jeopardy! Round responses

EUROPEAN GEOGRAPHY
FAMOUS PAIRS
ENDS WITH "Y"
HISTORIC WOMEN
THE CULTURE OF FOOD
JACKIE ROBINSON
    $400 6
(Lisa: What is the Black Sea?)

the Baltic

LisaTim
    $400 1
Bill & Ted

Lisa
    $400 11
holly

Lisa
    $400 16
Marie Antoinette

Matt
    $400 21
Humpty Dumpty

Tim
    $400 26
rookie

Lisa
    $3,200 7
(Tim: [shaking head] What...is...Albania?)

Monaco

Tim
    $800 2
Robert Browning and Elizabeth Barrett Browning

Tim
    $800 12
a covey

Tim
    $2,000 17
Indira Gandhi

Matt
    $800 22
Scott Joplin

Lisa
    $800 27
steals

Tim
    $1200 8
Crete

Triple Stumper
    $1200 3
Laurel and Hardy

Lisa
    $1200 13
(Matt: What's an abbey?)

a rectory

MattLisa
    $1200 18
Catherine the Great

Matt
    $1200 23
a sandwich

Lisa
    $1200 28
Pee Wee

Lisa
    $1600 9
the Appenines

Matt
    $1600 4
(Matt: Who are Rodgers and Hammerstein?)

Lerner and Loewe

MattLisa
    $1600 14
a foundry

Matt
    $1600 19
Lola

Lisa
    $1600 24
(Somerset) Maugham

Matt
    $1600 29
the Hall of Fame

Matt
    $2000 10
the Tagus

Tim
    $2000 5
Harry and David

Matt
    $2000 15
atrophy

Matt
    $2000 20
Queen Lili'uokalani

Triple Stumper
    $2000 25
Renoir

Tim
    $2000 30
(Matt: What's the Freedom March?)

the March on Washington

MattTim

Scores at the end of the Double Jeopardy! Round:

Matt Lisa Tim
$15,200 $13,800 $8,000

[wagering suggestions for these scores]

Final Jeopardy! Round responses

AUTHORS
TimWhat is Lord Jim?
$4,000
LisaWhat is Joseph Anton?
$13,000
MattWhat is Lord Jim?
$13,001
Joseph Anton

Final scores:

Matt Lisa Tim
$2,199 $26,800 $4,000
3rd place: $1,000 New champion: $26,800 2nd place: $2,000

Game dynamics:

Coryat scores:

Matt Lisa Tim
$13,400 $13,800 $11,200
19 R
(including 2 DDs),
3 W
18 R,
1 W
14 R,
3 W
(including 1 DD)

Combined Coryat: $38,400

The J! Archive is created by fans, for fans. The Jeopardy! game show and all elements thereof, including but not limited to copyright and trademark thereto, are the property of Jeopardy Productions, Inc. and are protected under law. This website is not affiliated with, sponsored by, or operated by Jeopardy Productions, Inc. Join the discussion at JBoard.tv.